[Event "30th Cracovia Festival-A 2019"]
[Site "Krakow"]
[Date "2019.12.29"]
[Round "3.14"]
[White "Niedbala, Bartlomiej"]
[Black "Brodowski, Piotr"]
[Result "0-1"]
[WhiteElo "2239"]
[BlackElo "2445"]
[Annotator "ChessBase"]
[PlyCount "108"]
[EventDate "2019.12.27"]
[EventCountry "POL"]
[SourceTitle "playchess.com"]
[Source "ChessBase"]
[SourceQuality "1"]

1. d4 d6 2. c4 e5 3. d5 a5 4. e4 g6 5. Nc3 Bg7 6. Be3 f5 7. exf5 gxf5 8. Qh5+ Kf8 9. Bd3 Qf6 10. Nge2 Qg6 11. Qxg6 hxg6 12. f3 Nf6 13. Kd2 Bd7 14. h3 Na6 15. Rhc1 Kf7 16. Bc2 c6 17. a3 Rhc8 18. Rab1 cxd5 19. Nxd5 Nxd5 20. cxd5 b5 21. Bd1 a4 22. Rxc8 Rxc8 23. Rc1 Nc5 24. Nc3 Bf6 25. Bc2 Rb8 26. Na2 e4 27. fxe4 Bxb2 28. Rb1 Bxa3 29. exf5 gxf5 30. Bxc5 Bxc5 31. Bxa4 Rg8 32. Bd1 Rxg2+ 33. Be2 f4 34. Rb3 Be3+ 35. Rxe3 fxe3+ 36. Kxe3 Rg3+ 37. Kd4 Rxh3 38. Nb4 Rh4+ 39. Kc3 Kf6 40. Nc6 Bxc6 41. dxc6 b4+ 42. Kb3 Ke7 43. Bc4 Kd8 44. Be6 Kc7 45. Bd7 Kb6 46. Be8 Ka5 47. Bd7 Kb6 48. Be8 Re4 49. Bd7 Rf4 50. Ka4 Rc4 51. Kb3 d5 52. Be8 Ka5 53. Bf7 Rc3+ 54. Kb2 d4 0-1

[Event "30th Cracovia Festival-A 2019"]
[Site "Krakow"]
[Date "2019.12.29"]
[Round "3.15"]
[White "Sliwicka, Alicja"]
[Black "Golubka, Petro"]
[Result "0-1"]
[WhiteElo "2264"]
[BlackElo "2479"]
[Annotator "ChessBase"]
[PlyCount "104"]
[EventDate "2019.12.27"]
[EventCountry "POL"]
[SourceTitle "playchess.com"]
[Source "ChessBase"]
[SourceQuality "1"]

1. e4 c5 2. Nf3 Nc6 3. d4 cxd4 4. Nxd4 e5 5. Nb5 d6 6. c4 a6 7. N5a3 f5 8. exf5 Bxf5 9. Bd3 Be6 10. Nc3 Be7 11. O-O Nf6 12. Nc2 O-O 13. b3 Qd7 14. Ne3 Bd8 15. Ne4 Bb6 16. Bb2 Kh8 17. Qe2 a5 18. a3 Rad8 19. Ng5 Rde8 20. Rad1 Nd4 21. Qd2 Nxb3 22. Qc2 Nd4 23. Bxd4 exd4 24. Nf5 Bg8 25. Nf3 Bc5 26. a4 Nh5 27. Rfe1 Nf4 28. Rxe8 Rxe8 29. Ra1 Qe6 30. Rd1 Nxd3 31. Qxd3 Qxc4 32. Qxc4 Bxc4 33. N5xd4 g6 34. g4 Kg7 35. Kg2 Re7 36. Kg3 Bf7 37. Rd2 Be8 38. Ng5 Bd7 39. f3 h6 40. Ne4 Bxa4 41. h4 Bb4 42. Ra2 Bc6 43. Nf2 Bd5 44. Rc2 Bc5 45. Rd2 a4 46. Nc2 Bb3 47. Ne4 Bxc2 48. Rxc2 b5 49. Nc3 Rb7 50. h5 gxh5 51. gxh5 a3 52. Kf4 b4 0-1

[Event "30th Cracovia Festival-A 2019"]
[Site "Krakow"]
[Date "2019.12.29"]
[Round "3.16"]
[White "Jarmula, Lukasz"]
[Black "Gahan M G"]
[Result "1-0"]
[WhiteElo "2466"]
[BlackElo "2245"]
[Annotator "ChessBase"]
[PlyCount "96"]
[EventDate "2019.12.27"]
[EventCountry "POL"]
[SourceTitle "playchess.com"]
[Source "ChessBase"]
[SourceQuality "1"]

1. e4 e5 2. Nf3 Nf6 3. Nxe5 d6 4. Nf3 Nxe4 5. Nc3 Nxc3 6. dxc3 Nc6 7. Be3 Be7 8. Qd2 Be6 9. O-O-O Qd7 10. b3 O-O 11. h4 a5 12. a4 Bf6 13. Bg5 Be7 14. Bb5 Bg4 15. Ne5 dxe5 16. Qxd7 Ba3+ 17. Kb1 Bxd7 18. Rxd7 f6 19. Be3 Bd6 20. Bc4+ Kh8 21. Bd5 Rae8 22. Bxc6 bxc6 23. Rd1 Kg8 24. Bb6 Rf7 25. Rxf7 Kxf7 26. Bxa5 f5 27. c4 e4 28. Be1 f4 29. c3 e3 30. fxe3 Rxe3 31. a5 Re2 32. b4 Rxg2 33. c5 Bf8 34. Rd4 Re2 35. Rxf4+ Kg8 36. Rf1 Be7 37. Bg3 Bf6 38. Rf3 h5 39. a6 Re8 40. c4 Ra8 41. Ra3 Bd8 42. Kc2 Kf7 43. Kd3 Ke6 44. Ke4 g5 45. hxg5 Bxg5 46. Bxc7 Kd7 47. Bd6 h4 48. b5 Ke6 1-0

[Event "30th Cracovia Festival-A 2019"]
[Site "Krakow"]
[Date "2019.12.29"]
[Round "3.17"]
[White "Fus, Jakub"]
[Black "Gbyl, Andrzej"]
[Result "1-0"]
[WhiteElo "2363"]
[BlackElo "2243"]
[Annotator "ChessBase"]
[PlyCount "73"]
[EventDate "2019.12.27"]
[EventCountry "POL"]
[SourceTitle "playchess.com"]
[Source "ChessBase"]
[SourceQuality "1"]

1. c4 g6 2. e4 Bg7 3. d4 d6 4. Nc3 Nf6 5. Be2 O-O 6. Bg5 h6 7. Be3 Nbd7 8. Qd2 c5 9. d5 Kh7 10. g4 b5 11. cxb5 Nb6 12. g5 hxg5 13. Bxg5 Rh8 14. h4 Kg8 15. a4 a6 16. Rd1 axb5 17. axb5 Bd7 18. Nf3 Na4 19. e5 Nxc3 20. bxc3 Ne4 21. Qe3 Nxg5 22. Qxg5 dxe5 23. Nxe5 f6 24. Qxg6 fxe5 25. Rg1 Qf8 26. d6 e6 27. b6 Rxh4 28. b7 Rb8 29. Ra1 Rxb7 30. Ra8 Bc8 31. Ba6 Rh2 32. f4 Ra2 33. Bxb7 Rxa8 34. Bxa8 exf4 35. Bc6 f3 36. Kf2 c4 37. d7 1-0

[Event "30th Cracovia Festival-A 2019"]
[Site "Krakow"]
[Date "2019.12.29"]
[Round "3.18"]
[White "Sanz Wawer, Daniel"]
[Black "Farkas, Gabor"]
[Result "0-1"]
[WhiteElo "2212"]
[BlackElo "2357"]
[Annotator "NA"]
[PlyCount "90"]
[EventDate "2019.12.27"]
[EventCountry "POL"]
[SourceTitle "playchess.com"]
[Source "ChessBase"]
[SourceQuality "1"]

1. d4 Nf6 2. c4 g6 3. f3 e5 4. dxe5 Nh5 5. Nh3 Nc6 (5... Bc5 6. Bg5 Be7 7. Qd2 Nc6 8. Nc3 Nxe5 9. Bxe7 Qxe7 10. Nd5 Qd8 11. g4 c6 {1-0 (21) Sjugirov,S (2670)-Chigaev,M (2496) Sochi 2015}) 6. Bg5 {E60: King's Indian: Unusual lines and Fianchetto Variation without Nc3} Be7 7. Bxe7 Qxe7 8. g4 Ng7 9. Nc3 Nxe5 10. Nd5 Qh4+ 11. Nf2 Ne6 12. e3 $146 c6 13. f4 cxd5 14. cxd5 Ng5 15. fxe5 Ne4 16. Qf3 Nxf2 17. Qxf2 Qxg4 18. Bg2 Qb4+ 19. Qd2 Qh4+ 20. Qf2 Qb4+ 21. Qd2 Qxd2+ 22. Kxd2 d6 23. Rac1 dxe5 24. Rc7 O-O 25. Rhc1 Re8 $14 (25... Rd8 $11) 26. d6 Rd8 27. Ke1 Be6 28. Bxb7 Rab8 29. Rd1 Bxa2 30. d7 Kf8 31. Rd2 Be6 32. Bc8 a6 33. Bxa6 Ke7 34. Bc8 Rb6 35. Ra7 g5 36. Rc2 h5 37. Rc5 f6 38. Rc2 Bxd7 39. Rcc7 Rd6 40. Ba6 f5 41. b4 f4 42. Rc5 Kf6 43. Be2 Bg4 44. exf4 gxf4 45. Ra6 Rxa6 0-1

[Event "30th Cracovia Festival-A 2019"]
[Site "Krakow"]
[Date "2019.12.29"]
[Round "3.19"]
[White "Kyc, Jerzy"]
[Black "Bus, Konrad"]
[Result "1-0"]
[WhiteElo "2340"]
[BlackElo "2214"]
[Annotator "ChessBase"]
[PlyCount "91"]
[EventDate "2019.12.27"]
[EventCountry "POL"]
[SourceTitle "playchess.com"]
[Source "ChessBase"]
[SourceQuality "1"]

1. e4 c6 2. d4 d5 3. e5 Bf5 4. Nf3 e6 5. Bd3 Bxd3 6. Qxd3 Qa5+ 7. c3 Qa6 8. Qxa6 Nxa6 9. Be3 Ne7 10. Nbd2 Nf5 11. g4 Ne7 12. Ke2 h5 13. h3 Rc8 14. b4 hxg4 15. hxg4 Rxh1 16. Rxh1 Ng6 17. Nh4 Nxh4 18. Rxh4 Nb8 19. f4 Be7 20. Rh7 g6 21. Nf1 Nd7 22. f5 gxf5 23. gxf5 Nf8 24. Rh8 exf5 25. Ng3 Kd7 26. Nxf5 Ng6 27. Rh7 Rh8 28. Rxf7 Ke6 29. Nd6 Rh2+ 30. Kd1 Nh8 31. Rf3 Bxd6 32. Rf6+ Ke7 33. Rxd6 Nf7 34. Rg6 Rh3 35. Ke2 Rh2+ 36. Kf1 Rh3 37. Kf2 Rh8 38. Kg2 a6 39. e6 Nd6 40. Bg5+ Ke8 41. Rg7 Kf8 42. Bf6 Rh6 43. e7+ Ke8 44. Rg8+ Kf7 45. Rf8+ Ke6 46. Bg5 1-0

[Event "30th Cracovia Festival-A 2019"]
[Site "Krakow"]
[Date "2019.12.29"]
[Round "3.20"]
[White "Renman, Nils-Gustaf"]
[Black "Brozyna, Mateusz"]
[Result "1/2-1/2"]
[WhiteElo "2319"]
[BlackElo "2188"]
[Annotator "NA"]
[PlyCount "105"]
[EventDate "2019.12.27"]
[EventCountry "POL"]
[SourceTitle "playchess.com"]
[Source "ChessBase"]
[SourceQuality "1"]

1. d4 d5 2. Nf3 Nf6 3. c4 c6 4. Nc3 e6 5. e3 Nbd7 6. Qc2 Bd6 7. g4 h6 8. Rg1 e5 {D45: Semi-Slav: 5 e3} 9. cxd5 cxd5 10. Nb5 Bb8 11. dxe5 (11. g5 $11 hxg5 12. Nxg5 (12. Rxg5 e4 $15) 12... e4 13. Bd2 Nb6 14. Qc5 Bd7 15. Nd6+ Bxd6 16. Qxd6 {½-½ (30) Rapport,R (2752)-Ragger,M (2697) Baku 2016}) 11... Nxe5 12. Nxe5 Bxe5 13. f4 Bd6 14. Nxd6+ Qxd6 15. h3 $146 ({Predecessor:} 15. Be2 Bd7 16. Bd2 {½-½ (26) Dobos,J (2300)-Laszlo,I (2204) Hungary 2004}) 15... Bd7 16. Bd3 O-O 17. g5 Ne4 18. Bxe4 dxe4 19. Bd2 hxg5 20. Rxg5 f6 21. Rg3 Qd3 22. Qxd3 $11 exd3 23. Bc3 Bf5 24. Kd2 Kf7 25. a4 Rh8 26. a5 a6 27. Ra4 Rae8 28. Rd4 Re7 29. Bb4 Re4 30. Rxe4 Bxe4 31. Bc3 Bf5 32. Bd4 g6 33. Bc3 Rc8 34. h4 Rh8 35. e4 Bxe4 36. Re3 Bf5 37. Bb4 Be6 38. Rxd3 Rxh4 39. Bd6 Rh5 40. b4 Bc4 41. Rd4 Bb5 42. Bc5 g5 43. fxg5 Rxg5 44. Ke3 Bc6 45. Rd8 Rg3+ 46. Kd4 Ke6 47. Rh8 Rg4+ 48. Ke3 f5 49. Rh6+ Ke5 50. Bd6+ Kd5 51. Bf4 Kc4 52. Rf6 Kxb4 53. Rxf5 1/2-1/2

[Event "30th Cracovia Festival-A 2019"]
[Site "Krakow"]
[Date "2019.12.29"]
[Round "3.21"]
[White "Nikolaidis, Konstantinos"]
[Black "Evchin, Maxim"]
[Result "0-1"]
[WhiteElo "2200"]
[BlackElo "2315"]
[Annotator "ChessBase"]
[PlyCount "78"]
[EventDate "2019.12.27"]
[EventCountry "POL"]
[SourceTitle "playchess.com"]
[Source "ChessBase"]
[SourceQuality "1"]

1. d4 Nf6 2. c4 g6 3. Nc3 d5 4. cxd5 Nxd5 5. Bd2 Nb6 6. Nf3 Bg7 7. Bf4 O-O 8. Rc1 Na6 9. e3 c5 10. Be2 cxd4 11. exd4 Be6 12. O-O Nb4 13. a3 Nc6 14. Be3 Nd5 15. Na4 Nxe3 16. fxe3 Bh6 17. Rc3 Bd5 18. Qd3 f5 19. Qb5 e6 20. Nc5 a6 21. Qa4 Qe7 22. Kh1 Rad8 23. Rd1 g5 24. Qc2 g4 25. Nd2 e5 26. Nf1 Bg7 27. dxe5 Nxe5 28. Ng3 f4 29. exf4 Rxf4 30. Nf5 Qf6 31. Rxd5 Rxd5 32. Qb3 Rxf5 33. Qxd5+ Kh8 34. Rc1 Qh6 35. Nd3 Rf8 36. Rf1 Re8 37. Nc5 Qe3 38. Bd1 b6 39. Ne6 Nd3 0-1

[Event "30th Cracovia Festival-A 2019"]
[Site "Krakow"]
[Date "2019.12.29"]
[Round "3.22"]
[White "Marszalek, Maciej"]
[Black "Wisniewski, Michal"]
[Result "1-0"]
[WhiteElo "2314"]
[BlackElo "2158"]
[Annotator "ChessBase"]
[PlyCount "87"]
[EventDate "2019.12.27"]
[EventCountry "POL"]
[SourceTitle "playchess.com"]
[Source "ChessBase"]
[SourceQuality "1"]

1. Nf3 Nf6 2. g3 d5 3. c4 g6 4. cxd5 Nxd5 5. d4 Nb6 6. Nc3 Bg7 7. Bg2 Nc6 8. e3 O-O 9. O-O Re8 10. Nh4 e5 11. d5 Na5 12. Rb1 Bd7 13. b3 c6 14. e4 cxd5 15. exd5 f5 16. Bd2 Nc8 17. Na4 Bxa4 18. bxa4 Nd6 19. Nf3 h6 20. Bb4 Nac4 21. Nd2 Nxd2 22. Qxd2 Rb8 23. Rfc1 e4 24. Bc5 Re5 25. Bxa7 Rc8 26. Bf1 Kh7 27. Be3 Nf7 28. Rxb7 Rxc1 29. Qxc1 Nd6 30. Ra7 Rxd5 31. Bxh6 Ne8 32. Bxg7 Nxg7 33. Qc3 Rd7 34. Rxd7 Qxd7 35. a5 Ne6 36. a6 Nd4 37. Kg2 f4 38. h3 e3 39. fxe3 Qd5+ 40. Kg1 Nf3+ 41. Kf2 fxg3+ 42. Kxg3 Ne5 43. Qc7+ Kh6 44. Bg2 1-0

[Event "30th Cracovia Festival-A 2019"]
[Site "Krakow"]
[Date "2019.12.29"]
[Round "3.23"]
[White "Kasperek, Ryszard"]
[Black "Zochowski, Kacper"]
[Result "1-0"]
[WhiteElo "2197"]
[BlackElo "2313"]
[Annotator "NA"]
[PlyCount "115"]
[EventDate "2019.12.27"]
[EventCountry "POL"]
[SourceTitle "playchess.com"]
[Source "ChessBase"]
[SourceQuality "1"]

1. e4 e5 2. Nf3 d6 3. d4 exd4 4. Qxd4 a6 5. Bg5 Nc6 6. Qd2 Be7 7. h4 Nf6 8. Nc3 Bg4 9. O-O-O O-O 10. Be2 b5 11. Qf4 Bxf3 12. gxf3 Kh8 13. Rdg1 Ne8 14. Qd2 Nf6 15. h5 b4 16. Nd5 Nxd5 17. exd5 Bxg5 18. Rxg5 Nd4 19. Bd1 Qf6 20. Rhg1 Nf5 21. Be2 Rg8 22. Qxb4 Nd4 23. Bd1 Nxf3 24. Bxf3 Qxf3 25. Qd4 f6 26. R1g3 Qe2 27. Rf5 Rae8 28. b3 Re5 29. Qf4 Re4 30. Qd2 Qxd2+ 31. Kxd2 h6 32. Rc3 Re7 33. Rc6 Ra8 34. Rf3 Re5 35. c4 Ra7 36. Re3 Rxh5 37. Re7 Re5 38. Rexc7 Rxc7 39. Rxc7 h5 40. f4 Re4 41. Kd3 Re8 42. b4 Kh7 43. c5 Kg6 44. cxd6 h4 45. f5+ Kxf5 46. Rxg7 Rh8 47. d7 h3 48. Rh7 Rxh7 49. d8=Q h2 50. Qc8+ Kf4 51. Qc1+ Kg4 52. Qd1+ Kg5 53. Qh1 f5 54. Kd4 f4 55. d6 Kf6 56. Kd5 Rh3 57. d7 Ke7 58. Qe1+ 1-0

[Event "30th Cracovia Festival-A 2019"]
[Site "Krakow"]
[Date "2019.12.29"]
[Round "3.24"]
[White "Morgunov, Marc"]
[Black "Ilandzis, Spyridon"]
[Result "1/2-1/2"]
[WhiteElo "2311"]
[BlackElo "2119"]
[Annotator "ChessBase"]
[PlyCount "73"]
[EventDate "2019.12.27"]
[EventCountry "POL"]
[SourceTitle "playchess.com"]
[Source "ChessBase"]
[SourceQuality "1"]

1. e4 e5 2. Nf3 Nc6 3. Bb5 f5 4. Nc3 fxe4 5. Nxe4 Nf6 6. Qe2 d5 7. Nxe5 dxe4 8. Qc4 Qd5 9. Qxd5 Nxd5 10. Nxc6 Bd7 11. Nd4 O-O-O 12. Bc4 Nf4 13. g3 Bh3 14. gxf4 Rxd4 15. b3 Bc5 16. Bb2 Rd7 17. Rg1 Rhd8 18. Bc3 g6 19. Ke2 c6 20. a4 Bd6 21. Ke3 Bc5+ 22. Ke2 Bd6 23. Bf6 Bxf4 24. Bxd8 Rxd2+ 25. Ke1 Rxd8 26. Rd1 Rf8 27. Bf1 Bf5 28. Be2 h5 29. h4 e3 30. fxe3 Bxe3 31. Rf1 Bc5 32. c3 Bc2 33. Rxf8+ Bxf8 34. Bd3 Bxd1 35. Kxd1 Be7 36. Bxg6 Bxh4 37. Bxh5 1/2-1/2

[Event "30th Cracovia Festival-A 2019"]
[Site "Krakow"]
[Date "2019.12.29"]
[Round "4.1"]
[White "Girish, A. Koushik"]
[Black "Vetoshko, Volodymyr"]
[Result "1/2-1/2"]
[WhiteElo "2506"]
[BlackElo "2511"]
[Annotator "TA"]
[PlyCount "26"]
[EventDate "2019.12.27"]
[EventCountry "POL"]
[SourceTitle "playchess.com"]
[Source "ChessBase"]
[SourceQuality "1"]

{[%evp 9,20,26,29,29,28,24,28,28,25,27,31,0,0]} 1. Nf3 d5 2. c4 e6 3. d4 a6 4. cxd5 exd5 5. Nc3 Nf6 6. Bg5 {D37: Queen's Gambit Declined: 5 Bf4} Be6 7. e3 Nbd7 8. Bd3 Bd6 9. O-O c6 10. Qc2 Qc7 {Predecessor:} 11. Rfe1 $146 O-O 12. a3 Bg4 13. Bh4 Bh5 {0-1 (35) Mamedyarov,S (2817)-Maghsoodloo,P (2688) St Petersburg 2018} 1/2-1/2

[Event "30th Cracovia Festival-A 2019"]
[Site "Krakow"]
[Date "2019.12.29"]
[Round "4.2"]
[White "Tomczak, Jacek"]
[Black "Kopylov, Michael"]
[Result "1-0"]
[WhiteElo "2605"]
[BlackElo "2411"]
[Annotator "TA"]
[PlyCount "43"]
[EventDate "2019.12.27"]
[EventCountry "POL"]
[SourceTitle "playchess.com"]
[Source "ChessBase"]
[SourceQuality "1"]

{[%evp 9,49,28,45,0,0,0,-12,-43,13,15,23,-1,15,-55,250,257,244,247,286,271,475,484,637,652,845,832,864,866,881,881,863,837,1049,950,934,856,843,885,885,860,912,898]} 1. e4 Nf6 2. e5 Nd5 3. Nc3 Nb6 4. d4 d6 5. Be3 (5. exd6 cxd6 6. Nf3 Bg4 7. h3 Bxf3 8. Qxf3 d5 9. Bd3 Nc6 10. Ne2 g6 11. c3 Bg7 12. Qg3 O-O 13. O-O {0-1 (76) Cuenca Jimenez,J (2460)-Fier,A (2644) Montcada 2009}) 5... Nc6 6. Qf3 $146 {B02: Alekhine's Defence: Chase Variation and lines with early Nc3} (6. f4 $14) ({Predecessor:} 6. f4 dxe5 7. dxe5 Bf5 8. Bd3 Bxd3 9. Qxd3 Qxd3 10. cxd3 O-O-O 11. O-O-O Nb4 12. d4 N4d5 13. Nxd5 Nxd5 {0-1 (36) Hair,P (1973)-Gao,H (1830) Auckland 2010}) 6... dxe5 $11 7. dxe5 Nxe5 8. Qe4 {The position is equal.} Ned7 (8... Nc6 $15) 9. O-O-O $1 e6 10. Nf3 $132 {[%mdl 2048] White is not keeping still} Bd6 11. Bb5 (11. Nb5 $11) 11... a6 $2 {[%mdl 8192] [#]} (11... Qe7 $1 $15 {keeps the upper hand.}) 12. Bxb6 $1 $18 axb5 {[#]} 13. Rxd6 $1 {[%mdl 512] Strongly threatening Rhd1.} cxb6 (13... cxd6 14. Bxd8) 14. Rhd1 ({Weaker is} 14. Nxb5 Rxa2 15. Rxe6+ Kf8 $14) 14... Qc7 $2 (14... b4) 15. Nxb5 {White is clearly winning.} Qc5 16. R6d5 Qc6 17. Nfd4 Qxd5 18. Nc7+ {[%mdl 64] Double Attack} Kf8 19. Nxd5 exd5 20. Qxd5 {Black must now prevent Nf5.} Ra5 21. Qd6+ Kg8 22. b4 {Played: Qd6-c7} 1-0

[Event "30th Cracovia Festival-A 2019"]
[Site "Krakow"]
[Date "2019.12.29"]
[Round "4.3"]
[White "Plichta, Kamil"]
[Black "Moroni, Luca Jr"]
[Result "0-1"]
[WhiteElo "2353"]
[BlackElo "2528"]
[Annotator "ChessBase"]
[PlyCount "68"]
[EventDate "2019.12.27"]
[EventCountry "POL"]
[SourceTitle "playchess.com"]
[Source "ChessBase"]
[SourceQuality "1"]

1. d4 d5 2. c4 e6 3. Nc3 Nf6 4. cxd5 exd5 5. Bg5 c6 6. e3 h6 7. Bh4 Be6 8. Bd3 Nbd7 9. f4 g5 10. fxg5 Ne4 11. Bxe4 dxe4 12. Nge2 hxg5 13. Bg3 Nf6 14. Qc2 Bd6 15. O-O-O Bxg3 16. hxg3 Rg8 17. Nxe4 Ng4 18. Nc5 Qe7 19. Rde1 Nxe3 20. Qh7 O-O-O 21. Nxe6 Qxe6 22. Nc3 Rge8 23. Qd3 f5 24. Rhf1 Kb8 25. Kb1 c5 26. d5 Qe5 27. Rf3 f4 28. gxf4 gxf4 29. g3 Qd4 30. Qxd4 cxd4 31. gxf4 Nc4 32. Rxe8 Rxe8 33. Kc1 dxc3 34. bxc3 Re3 0-1

[Event "30th Cracovia Festival-A 2019"]
[Site "Krakow"]
[Date "2019.12.29"]
[Round "4.4"]
[White "Tazbir, Marcin"]
[Black "Kruglyakov, Pavlo"]
[Result "1/2-1/2"]
[WhiteElo "2525"]
[BlackElo "2357"]
[Annotator "RC"]
[PlyCount "45"]
[EventDate "2019.12.27"]
[EventCountry "POL"]
[SourceTitle "playchess.com"]
[Source "ChessBase"]
[SourceQuality "1"]

1. e4 c5 2. Ne2 d6 3. g3 Nc6 4. Bg2 g6 5. c3 Bg7 6. d4 e5 7. d5 Nce7 8. O-O h5 9. Nd2 h4 10. Nf3 h3 11. Bh1 Bh6 12. Ng5 f6 13. Ne6 Qb6 14. f4 Bxe6 15. dxe6 c4+ 16. Rf2 O-O-O 17. Qa4 Qc5 18. b3 cxb3 19. axb3 Kb8 20. Kf1 g5 21. Bf3 gxf4 22. b4 Qb6 23. gxf4 1/2-1/2

[Event "30th Cracovia Festival-A 2019"]
[Site "Krakow"]
[Date "2019.12.29"]
[Round "4.5"]
[White "Milikow, Yoav"]
[Black "Gumularz, Szymon"]
[Result "0-1"]
[WhiteElo "2236"]
[BlackElo "2493"]
[Annotator "ChessBase"]
[PlyCount "112"]
[EventDate "2019.12.27"]
[EventCountry "POL"]
[SourceTitle "playchess.com"]
[Source "ChessBase"]
[SourceQuality "1"]

1. d4 Nf6 2. c4 e6 3. Nc3 Bb4 4. Qc2 O-O 5. Nf3 d6 6. Bd2 Nbd7 7. a3 Bxc3 8. Bxc3 c5 9. e4 cxd4 10. Nxd4 Nc5 11. f3 e5 12. Ne2 Be6 13. Ng3 a5 14. a4 Qb6 15. Be2 Rfc8 16. Nf5 Bxf5 17. exf5 d5 18. Bxe5 dxc4 19. Bd4 Qd6 20. Rd1 Nd3+ 21. Bxd3 Qxd4 22. Be2 Qc5 23. g4 Re8 24. Qd2 Re5 25. Qd4 Qe7 26. Qxc4 Re8 27. Rd2 Nd5 28. O-O Nb6 29. Qd4 Rd5 30. Qxb6 Rxd2 31. Bc4 Qe5 32. Rf2 Rxf2 33. Qxf2 Qe1+ 34. Qxe1 Rxe1+ 35. Kf2 Rc1 36. b3 Kf8 37. Kg3 Ke7 38. Kf4 f6 39. h4 h6 40. h5 Kd6 41. Ke4 Kc5 42. Kd3 Kb4 43. Ke4 Rxc4+ 44. bxc4 Kxc4 45. f4 Kc5 46. g5 Kc4 47. Ke3 b5 48. axb5 Kxb5 49. Kd4 a4 50. Kd5 a3 51. Ke6 a2 52. gxh6 gxh6 53. Kxf6 a1=Q+ 54. Kg6 Kc6 55. f6 Kd7 56. f5 Ke8 0-1

[Event "30th Cracovia Festival-A 2019"]
[Site "Krakow"]
[Date "2019.12.29"]
[Round "4.6"]
[White "Nikitenko, Mihail"]
[Black "Sabuk, Piotr"]
[Result "1/2-1/2"]
[WhiteElo "2422"]
[BlackElo "2354"]
[Annotator "NA"]
[PlyCount "118"]
[EventDate "2019.12.27"]
[EventCountry "POL"]
[SourceTitle "playchess.com"]
[Source "ChessBase"]
[SourceQuality "1"]

1. e4 e5 2. Nf3 Nc6 3. Bb5 a6 4. Ba4 Nf6 5. Qe2 Bd6 6. c3 O-O 7. h3 Re8 8. d3 Bf8 9. Bg5 b5 10. Bb3 Na5 11. Bc2 c5 12. Nbd2 Bb7 13. Nf1 Qb6 14. Ng3 d5 15. O-O h6 16. Be3 d4 17. cxd4 exd4 18. Bd2 Rad8 19. Rae1 Nc6 20. Bb1 a5 21. Qd1 c4 22. e5 Nd5 23. dxc4 bxc4 24. Qc2 g6 25. e6 Ncb4 26. exf7+ Kxf7 27. Qc1 c3 28. bxc3 dxc3 29. Bxh6 Rxe1 30. Rxe1 c2 31. Bxc2 Nxc2 32. Ng5+ Kg8 33. Qxc2 Nb4 34. Qc4+ Bd5 35. Qh4 Nd3 36. Re2 Nxf2 37. Rxf2 Bc5 38. N3e4 Bxf2+ 39. Nxf2 Qb1+ 40. Kh2 Qb8+ 41. g3 Re8 42. Nh7 Qb2 43. Be3 Rxe3 44. Nf6+ Kf7 45. Qh7+ Ke6 46. Qg8+ Ke5 47. N6g4+ Kd6 48. Qd8+ Kc6 49. Qa8+ Kd6 50. Qd8+ Kc6 51. Qa8+ Kd6 52. Qxa5 Re2 53. Qd8+ Kc6 54. Qc8+ Kb6 55. Qd8+ Kc6 56. Qa8+ Qb7 57. Qa4+ Qb5 58. Qa8+ Qb7 59. Qa4+ Qb5 1/2-1/2

[Event "30th Cracovia Festival-A 2019"]
[Site "Krakow"]
[Date "2019.12.29"]
[Round "4.7"]
[White "Golubka, Petro"]
[Black "Zylka, Stanislaw"]
[Result "1-0"]
[WhiteElo "2479"]
[BlackElo "2334"]
[Annotator "ChessBase"]
[PlyCount "83"]
[EventDate "2019.12.27"]
[EventCountry "POL"]
[SourceTitle "playchess.com"]
[Source "ChessBase"]
[SourceQuality "1"]

1. e4 c6 2. d4 d5 3. e5 Bf5 4. h4 h5 5. Be2 e6 6. Nf3 Be7 7. Ng5 Bg6 8. O-O c5 9. dxc5 Nc6 10. Be3 Nxe5 11. Nd2 Nf6 12. b4 O-O 13. c3 b6 14. Bd4 Qc7 15. Nb3 Ned7 16. cxb6 axb6 17. Qd2 Ne5 18. Bxe5 Qxe5 19. Nd4 Rfc8 20. g3 Ne4 21. Nxe4 Bxe4 22. Nb5 Bf6 23. Rfc1 Ra4 24. Qe3 Rc6 25. a3 g6 26. Bf1 Kh7 27. Ra2 Qf5 28. f4 Qg4 29. Rf2 Bxh4 30. Kh2 Rxa3 31. Nxa3 d4 32. Qxe4 Bxg3+ 33. Kg1 Bxf2+ 34. Kxf2 Qh4+ 35. Ke2 Qh2+ 36. Bg2 Rxc3 37. Rxc3 dxc3 38. Kd3 Qg3+ 39. Kc2 h4 40. Qf3 Qe1 41. Nb1 Kg8 42. Nxc3 1-0

[Event "30th Cracovia Festival-A 2019"]
[Site "Krakow"]
[Date "2019.12.29"]
[Round "4.8"]
[White "Nurkiewicz, Maciej"]
[Black "Jarmula, Lukasz"]
[Result "0-1"]
[WhiteElo "2340"]
[BlackElo "2466"]
[Annotator "ChessBase"]
[PlyCount "94"]
[EventDate "2019.12.27"]
[EventCountry "POL"]
[SourceTitle "playchess.com"]
[Source "ChessBase"]
[SourceQuality "1"]

1. d4 Nf6 2. c4 e6 3. Nf3 d5 4. Nc3 c5 5. cxd5 exd5 6. g3 Nc6 7. Bg2 cxd4 8. Nxd4 Bc5 9. Nxc6 bxc6 10. O-O O-O 11. Na4 Bd6 12. Be3 Re8 13. Rc1 Bd7 14. Nc5 Rb8 15. Nxd7 Qxd7 16. Bd4 Ne4 17. b3 Rbc8 18. e3 a5 19. Qc2 h5 20. Rfd1 Qe6 21. Qe2 Qf5 22. Qf3 Qg6 23. Bb2 Bc5 24. Bh3 Ng5 25. Qf5 Nxh3+ 26. Qxh3 Bf8 27. Qf1 h4 28. Rd4 hxg3 29. hxg3 Be7 30. Qh3 f5 31. Ra4 Bd8 32. Kf1 c5 33. Rf4 Rf8 34. g4 Bc7 35. gxf5 Qa6+ 36. Kg2 Bxf4 37. exf4 Qh6 38. Qg4 d4 39. Re1 Rce8 40. Re5 Qc6+ 41. f3 Qf6 42. Re4 Rd8 43. Re5 d3 44. Re2 dxe2 45. Bxf6 Rxf6 46. Kf2 Re8 47. Ke1 Rd6 0-1

[Event "30th Cracovia Festival-A 2019"]
[Site "Krakow"]
[Date "2019.12.29"]
[Round "4.9"]
[White "Brodowski, Piotr"]
[Black "Marszalek, Maciej"]
[Result "1/2-1/2"]
[WhiteElo "2445"]
[BlackElo "2314"]
[Annotator "NA"]
[PlyCount "80"]
[EventDate "2019.12.27"]
[EventCountry "POL"]
[SourceTitle "playchess.com"]
[Source "ChessBase"]
[SourceQuality "1"]

1. c4 Nf6 2. Nc3 g6 3. g3 Bg7 4. Bg2 O-O 5. e4 e5 6. Nge2 d6 7. d3 Nc6 8. O-O Nd7 9. f4 Nc5 10. f5 a5 11. Nd5 Re8 12. Be3 Nb4 13. Nxb4 axb4 14. Qd2 c6 15. g4 f6 16. b3 Qe7 17. Qxb4 Nxd3 18. Qd2 Nc5 19. h4 b6 20. Nc3 Bb7 21. Rad1 gxf5 22. exf5 Red8 23. Qc2 Rac8 24. b4 Nd7 25. Qd2 d5 26. cxd5 Qxb4 27. dxc6 Rxc6 28. Ne4 Qa4 29. Qd5+ Kh8 30. Qb3 Qa8 31. Nd6 Rxd6 32. Bxb7 Qxb7 33. Rxd6 Qe4 34. Rf2 Bf8 35. Qd3 Qxg4+ 36. Rg2 Qb4 37. Rxd7 Rxd7 38. Qxd7 Qe1+ 39. Kh2 Qxh4+ 40. Kg1 Qe1+ 1/2-1/2

[Event "30th Cracovia Festival-A 2019"]
[Site "Krakow"]
[Date "2019.12.29"]
[Round "4.10"]
[White "Mis, Mieszko"]
[Black "Grinev, Valeriy"]
[Result "1/2-1/2"]
[WhiteElo "2320"]
[BlackElo "2441"]
[Annotator "NA RC"]
[PlyCount "34"]
[EventDate "2019.12.27"]
[EventCountry "POL"]
[SourceTitle "playchess.com"]
[Source "ChessBase"]
[SourceQuality "1"]

1. d4 Nf6 2. c4 g6 3. g3 Bg7 4. Bg2 O-O 5. Nc3 c5 6. Nf3 cxd4 7. Nxd4 Nc6 8. O-O Qa5 9. e3 d6 10. Bd2 Nxd4 11. exd4 Qb6 12. Re1 Qxd4 13. Rxe7 Qxc4 14. Bf4 Bd7 15. Rc1 Bc6 16. Bxc6 Qxc6 17. Qxd6 Qxd6 1/2-1/2